000 00503nam a22001577a 4500
003 macl
005 20200108124957.0
008 200108b xxu||||| |||| 00| 0 eng d
040 _cmacl
082 _a796
100 _aदलाल ,तेजपाल
_977706
245 _aस्‍वाधीन भारत का कुश्‍ती -गौरव
260 _aहरियाणा
_bआर्यन खेल प्रकाशन
_c2018
650 _aखेल
_953082
942 _2ddc
_cHIN
999 _c61702
_d61702